[Event "Titled Tuesday intern op 02nd Apr Late"]
[Site "Chess.com INT"]
[Date "2024.04.02"]
[Round "9"]
[White "Espinoza Villanueva, Rodrigo"]
[Black "Dziewonski, Dariusz"]
[Result "1-0"]
[WhiteElo "1957"]
[BlackElo "2289"]
[PlyCount "76"]
[EventDate "2024.04.02"]
[EventType "swiss (blitz)"]
[EventRounds "11"]
[EventCountry "USA"]
[SourceTitle "CB15_2024"]
[SourceDate "2024.04.10"]
[SourceVersion "1"]
[SourceVersionDate "2024.04.10"]
[SourceQuality "1"]

1. e4 e5 2. Nf3 Nc6 3. Bb5 a6 4. Ba4 Nf6 5. 0-0 b5 6. Bb3 Bc5 7. Re1 d6 8. c3 Bb6 9. a4 Rb8 10. d4 0-0 11. Be3 h6 12. h3 Re8 13. Nbd2 Bb7 14. Bc2 exd4 15. cxd4 Nb4 16. e5 Nxc2 17. Qxc2 Nd5 18. a5 Ba7 19. Nb3 Nxe3 20. Rxe3 dxe5 21. Rxe5 Bxf3 22. Rxe8+ Qxe8 23. gxf3 Qd7 24. Kg2 Re8 25. Rd1 Re6 26. Nc5 Rg6+ 27. Qxg6 Bxc5 28. Qe4 Bd6 29. d5 Qd8 30. f4 Qf6 31. Kf3 Qxb2 32. Rd3 Qa1 33. Qe8+ Kh7 34. Qxf7 Qh1+ 35. Ke2 Qe4+ 36. Re3 Qc2+ 37. Kf3 Qd1+ 38. Kg2 Bxf4 1-0

[Event "Titled Tuesday intern op 06th Feb Early"]
[Site "Chess.com INT"]
[Date "2024.02.06"]
[Round "2"]
[White "Espinoza Villanueva, Rodrigo"]
[Black "Purtseladze, Maka"]
[Result "1-0"]
[WhiteElo "1928"]
[BlackElo "2261"]
[PlyCount "49"]
[EventDate "2024.02.06"]
[EventType "swiss (blitz)"]
[EventRounds "11"]
[EventCountry "USA"]
[SourceTitle "CB07_2024"]
[SourceDate "2024.02.14"]
[SourceVersion "1"]
[SourceVersionDate "2024.02.14"]
[SourceQuality "1"]

1. e4 e5 2. Nf3 Nc6 3. Bb5 a6 4. Ba4 Nf6 5. 0-0 b5 6. Bb3 Be7 7. Re1 0-0 8. c3 Na5 9. Bc2 d6 10. h3 c5 11. d4 Qc7 12. Nbd2 Bb7 13. dxc5 dxc5 14. Nf1 Rfd8 15. Qe2 c4 16. Ng3 g6 17. Nh2 Bc5 18. Ng4 Nxg4 19. Qxg4 Nc6 20. Bg5 Be7 21. Be3 Qd7 22. Nf5 Kh8 23. Bh6 Bf8 24. Bg5 Re8 25. Bf6+ 1-0

[Event "Titled Tuesday intern op 06th Feb Early"]
[Site "Chess.com INT"]
[Date "2024.02.06"]
[Round "9"]
[White "Kanyamarala, Trisha"]
[Black "Espinoza Villanueva, Rodrigo"]
[Result "1-0"]
[WhiteElo "2243"]
[BlackElo "1928"]
[PlyCount "69"]
[EventDate "2024.02.06"]
[EventType "swiss (blitz)"]
[EventRounds "11"]
[EventCountry "USA"]
[SourceTitle "CB07_2024"]
[SourceDate "2024.02.14"]
[SourceVersion "1"]
[SourceVersionDate "2024.02.14"]
[SourceQuality "1"]

1. c4 Nf6 2. Nc3 g6 3. g3 Bg7 4. Bg2 0-0 5. e4 d6 6. Nge2 c5 7. d3 Nc6 8. 0-0 Ne8 9. Be3 e5 10. a3 Nc7 11. Rb1 a5 12. Nd5 a4 13. Nb6 Ra6 14. Nxa4 Ne6 15. b4 Ra8 16. bxc5 Ned4 17. Bxd4 Nxd4 18. Nxd4 exd4 19. cxd6 Qxd6 20. c5 Qc6 21. Rb4 Ra5 22. e5 Qa6 23. Nb6 Rxa3 24. Nxc8 Rxc8 25. Bxb7 Qa5 26. Bxc8 Qxb4 27. c6 Bxe5 28. Re1 Qc5 29. Bd7 Kg7 30. Qe2 Bd6 31. Qf3 Rc3 32. Be8 f5 33. Qe2 Qd5 34. Bd7 Qe6 35. Qxe6 1-0

[Event "Titled Tuesday intern op 23rd Jan Late"]
[Site "Chess.com INT"]
[Date "2024.01.23"]
[Round "11"]
[White "Dubnevych, Maksym"]
[Black "Espinoza Villanueva, Rodrigo"]
[Result "0-1"]
[WhiteElo "2340"]
[BlackElo "1928"]
[PlyCount "98"]
[EventDate "2024.01.23"]
[EventType "swiss (blitz)"]
[EventRounds "11"]
[EventCountry "USA"]
[SourceTitle "CB05_2024"]
[SourceDate "2024.01.31"]
[SourceVersion "1"]
[SourceVersionDate "2024.01.31"]
[SourceQuality "1"]

1. a4 e5 2. h3 d5 3. d4 Nc6 4. dxe5 Nxe5 5. Nf3 Nxf3+ 6. exf3 Nf6 7. Bd3 Bd6 8. 0-0 0-0 9. Bg5 h6 10. Bh4 c6 11. c4 Be6 12. cxd5 Bxd5 13. Nc3 g5 14. Bg3 Bxg3 15. fxg3 Qb6+ 16. Rf2 Rfe8 17. h4 Rad8 18. hxg5 hxg5 19. Qc1 Qe3 20. Qxe3 Rxe3 21. Bc2 Be6 22. a5 Kg7 23. Rd1 Rxd1+ 24. Bxd1 Kf8 25. Rd2 Ke7 26. Na4 Re5 27. b4 Rd5 28. Rxd5 Nxd5 29. Nc5 Bc8 30. Nd3 Bf5 31. Nc5 b6 32. axb6 axb6 33. Na6 Kd6 34. Be2 Bc8 35. b5 c5 36. Kf2 f5 37. Bc4 Nc3 38. Nb8 Be6 39. Bf1 Bb3 40. Nc6 Ba4 41. Na7 Kd5 42. Ke3 c4 43. Nc6 Kc5 44. Ne7 Bxb5 45. Nxf5 Bc6 46. Kd2 Nd5 47. Kc2 b5 48. Kb2 Bd7 49. Nh6 Ne3 0-1

[Event "Titled Tuesday intern op 23rd Jan Late"]
[Site "Chess.com INT"]
[Date "2024.01.23"]
[Round "6"]
[White "Espinoza Villanueva, Rodrigo"]
[Black "Balla, Tamas Kristof"]
[Result "1-0"]
[WhiteElo "1928"]
[BlackElo "2283"]
[PlyCount "53"]
[EventDate "2024.01.23"]
[EventType "swiss (blitz)"]
[EventRounds "11"]
[EventCountry "USA"]
[SourceTitle "CB05_2024"]
[SourceDate "2024.01.31"]
[SourceVersion "1"]
[SourceVersionDate "2024.01.31"]
[SourceQuality "1"]

1. e4 c5 2. Nf3 Nc6 3. b4 cxb4 4. a3 Nf6 5. e5 Nd5 6. axb4 d6 7. exd6 Qxd6 8. b5 Ne5 9. Bb2 Nxf3+ 10. Qxf3 e6 11. Na3 Bd7 12. Nc4 Qc7 13. Be5 Qc5 14. Bd3 f6 15. Qh5+ Kd8 16. Na5 Qb6 17. Bg3 Bxb5 18. Bxb5 Qxb5 19. c4 Qb2 20. 0-0 Nb6 21. Qf7 e5 22. d4 Bb4 23. dxe5 Bxa5 24. Rfd1+ Bd2 25. Bf4 Kc8 26. Qe6+ Kc7 27. exf6+ 1-0

[Event "Titled Tuesday intern op 16th Jan Early"]
[Site "Chess.com INT"]
[Date "2024.01.16"]
[Round "3"]
[White "Bambino Filho, Antonio Carlos"]
[Black "Espinoza Villanueva, Rodrigo"]
[Result "0-1"]
[WhiteElo "2166"]
[BlackElo "1928"]
[PlyCount "78"]
[EventDate "2024.01.16"]
[EventType "swiss (blitz)"]
[EventRounds "11"]
[EventCountry "USA"]
[SourceTitle "CB04_2024"]
[SourceDate "2023.10.16"]
[SourceVersion "1"]
[SourceVersionDate "2023.10.16"]
[SourceQuality "1"]

1. d4 Nf6 2. c4 e6 3. Nf3 b6 4. g3 Ba6 5. b3 Bb4+ 6. Bd2 Be7 7. Bg2 0-0 8. 0-0 c5 9. d5 exd5 10. Nh4 d6 11. Nc3 Nc6 12. Nf5 Re8 13. Nxe7+ Nxe7 14. Bg5 Ne4 15. Bxe7 Nxc3 16. Bxd8 Nxd1 17. Raxd1 Raxd8 18. Rxd5 Rxe2 19. Rfd1 Rxa2 20. h4 Kf8 21. Rxd6 Rxd6 22. Rxd6 Ke7 23. Rd5 Bc8 24. Rd3 Be6 25. Re3 h5 26. Bd5 Rb2 27. Kg2 a6 28. Kf3 b5 29. Bxe6 fxe6 30. cxb5 axb5 31. Rc3 Kd6 32. Rd3+ Kc6 33. Re3 Kd5 34. Rd3+ Ke5 35. Re3+ Kd4 36. Re4+ Kc3 37. Re5 Kb4 38. Re4+ Kxb3 39. Rxe6 c4 0-1

[Event "Titled Tuesday intern op 16th Jan Early"]
[Site "Chess.com INT"]
[Date "2024.01.16"]
[Round "11"]
[White "Pakleza, Zbigniew"]
[Black "Espinoza Villanueva, Rodrigo"]
[Result "0-1"]
[WhiteElo "2482"]
[BlackElo "1928"]
[PlyCount "88"]
[EventDate "2024.01.16"]
[EventType "swiss (blitz)"]
[EventRounds "11"]
[EventCountry "USA"]
[SourceTitle "CB04_2024"]
[SourceDate "2023.10.16"]
[SourceVersion "1"]
[SourceVersionDate "2023.10.16"]
[SourceQuality "1"]

1. d3 d5 2. c3 c6 3. e4 e5 4. Nf3 Nd7 5. Nbd2 Ngf6 6. Be2 Bd6 7. 0-0 Nf8 8. exd5 cxd5 9. c4 Ng6 10. cxd5 0-0 11. Ne4 Nxd5 12. d4 exd4 13. Nxd6 Qxd6 14. Qxd4 Be6 15. g3 Rfd8 16. Ng5 Bf5 17. Bc4 Rac8 18. Bb3 h6 19. Nf3 b6 20. Bd2 Nf6 21. Qxd6 Rxd6 22. Bb4 Rd3 23. Ne1 Rdd8 24. f3 h5 25. Ng2 Nd5 26. Bd2 Bc2 27. Bxd5 Rxd5 28. Bc3 Bd3 29. Rfe1 f6 30. Rad1 Rcd8 31. Ne3 R5d7 32. Rd2 Kf7 33. Red1 Bb5 34. Nd5 Bc6 35. Nf4 Rxd2 36. Rxd2 Rxd2 37. Bxd2 Ne5 38. Bc3 Nxf3+ 39. Kg2 g6 40. h3 Ng5+ 41. Kh2 Ne4 42. Be1 f5 43. Nd3 Bd5 44. Ne5+ Kf6 0-1

[Event "Titled Tuesday intern op 16th Jan Early"]
[Site "Chess.com INT"]
[Date "2024.01.16"]
[Round "1"]
[White "San, Thit Lwin"]
[Black "Espinoza Villanueva, Rodrigo"]
[Result "0-1"]
[WhiteElo "2242"]
[BlackElo "1928"]
[PlyCount "92"]
[EventDate "2024.01.16"]
[EventType "swiss (blitz)"]
[EventRounds "11"]
[EventCountry "USA"]
[SourceTitle "CB04_2024"]
[SourceDate "2023.10.16"]
[SourceVersion "1"]
[SourceVersionDate "2023.10.16"]
[SourceQuality "1"]

1. Nf3 Nf6 2. c4 g6 3. Nc3 Bg7 4. e4 d6 5. d4 0-0 6. Be2 e5 7. 0-0 Nc6 8. d5 Ne7 9. b4 a5 10. Ba3 axb4 11. Bxb4 Nd7 12. Nd2 f5 13. f3 c5 14. dxc6 Qb6+ 15. Kh1 Qxb4 16. cxd7 Bxd7 17. Qb3 Qc5 18. Qxb7 Rfd8 19. Nb3 Qe3 20. Rac1 Kh8 21. Rfe1 Nc6 22. Nd5 Qg5 23. c5 dxc5 24. Nxc5 Nd4 25. Bf1 Bc6 26. Qc7 Bxd5 27. exd5 Rac8 28. Qb7 Qd2 29. Rcd1 Qxa2 30. Ne6 Nxe6 31. dxe6 Qxe6 32. Rxd8+ Rxd8 33. Qc7 Re8 34. Bc4 Qe7 35. Qc6 h5 36. Rd1 Kh7 37. Rd7 Qg5 38. Bf7 Rb8 39. Qc2 Rb4 40. Rd6 Bf6 41. h3 h4 42. Rc6 Rd4 43. Qb3 Rd2 44. Bxg6+ Qxg6 45. Qb7+ Kh6 46. Qb1 Qxg2# 0-1

[Event "Titled Tuesday intern op 16th Jan Late"]
[Site "Chess.com INT"]
[Date "2024.01.16"]
[Round "1"]
[White "Zhu, Jiner"]
[Black "Espinoza Villanueva, Rodrigo"]
[Result "1-0"]
[WhiteElo "2467"]
[BlackElo "1928"]
[PlyCount "69"]
[EventDate "2024.01.16"]
[EventType "swiss (blitz)"]
[EventRounds "11"]
[EventCountry "USA"]
[SourceTitle "CB04_2024"]
[SourceDate "2023.10.16"]
[SourceVersion "1"]
[SourceVersionDate "2023.10.16"]
[SourceQuality "1"]

1. Nf3 Nf6 2. g3 g6 3. Bg2 Bg7 4. 0-0 0-0 5. d3 d5 6. Nbd2 c5 7. e4 Nc6 8. Re1 b6 9. Qe2 Bb7 10. e5 Ng4 11. e6 f5 12. c3 Ba6 13. Nf1 Nge5 14. Nxe5 Nxe5 15. Rd1 Rc8 16. Bf4 Nc6 17. Qf3 d4 18. c4 Bb7 19. Qe2 Ba8 20. h4 Qe8 21. Nh2 Nb4 22. Nf3 Qa4 23. b3 Qa6 24. a3 Nc6 25. h5 Na5 26. b4 Nb7 27. Nh4 Rf6 28. Bg5 Nd8 29. Bxf6 Bxf6 30. b5 Qa4 31. Bxa8 Rxa8 32. hxg6 hxg6 33. Nxg6 Kg7 34. Nf4 Qb3 35. Qh5 1-0

[Event "Titled Tuesday intern op 09th Jan Early"]
[Site "Chess.com INT"]
[Date "2024.01.09"]
[Round "6"]
[White "Espinoza Villanueva, Rodrigo"]
[Black "Ovezdurdiyeva, Jemal"]
[Result "1/2-1/2"]
[WhiteElo "1928"]
[BlackElo "2057"]
[PlyCount "94"]
[EventDate "2024.01.09"]
[EventType "swiss (blitz)"]
[EventRounds "11"]
[EventCountry "USA"]
[SourceTitle "CB03_2024"]
[SourceDate "2024.01.17"]
[SourceVersion "1"]
[SourceVersionDate "2024.01.17"]
[SourceQuality "1"]

1. d4 Nf6 2. c4 b6 3. a3 Bb7 4. Nc3 e6 5. Bf4 d5 6. e3 Bd6 7. Bg5 0-0 8. Nf3 Nbd7 9. cxd5 exd5 10. Bd3 c5 11. 0-0 Qc7 12. Rc1 Ne4 13. Bh4 a6 14. Bg3 Bxg3 15. hxg3 Qd6 16. Qc2 Ndf6 17. Ne5 Rac8 18. Bxe4 dxe4 19. Nc4 Qe6 20. Ne2 b5 21. Na5 cxd4 22. Qd2 Qb6 23. Nxb7 dxe3 24. fxe3 Qxb7 25. Nd4 Rfd8 26. Qe2 Nd5 27. Rce1 Qc7 28. Qg4 g6 29. Nf5 Qe5 30. Nh6+ Kg7 31. Qh4 f5 32. g4 Qf6 33. Qxf6+ Nxf6 34. g5 Nd5 35. g4 fxg4 36. Nxg4 Rf8 37. Kg2 Rc2+ 38. Kg3 Rxf1 39. Rxf1 Rxb2 40. Rd1 Ne7 41. Rd7 Kf8 42. Kf4 Rb3 43. Ne5 Rxa3 44. Rd8+ Kg7 45. Rd7 Kf8 46. Rd8+ Kg7 47. Rd7 Kf8 1/2-1/2

[Event "Titled Tuesday intern op 19th Dec Early"]
[Site "Chess.com INT"]
[Date "2023.12.19"]
[Round "8"]
[White "Karas, Marek"]
[Black "Espinoza Villanueva, Rodrigo"]
[Result "1/2-1/2"]
[WhiteElo "2232"]
[BlackElo "1899"]
[PlyCount "165"]
[EventDate "2023.12.19"]
[EventType "swiss (blitz)"]
[EventRounds "11"]
[EventCountry "USA"]
[SourceTitle "CB52_2023"]
[SourceDate "2023.12.27"]
[SourceVersion "1"]
[SourceVersionDate "2023.12.27"]
[SourceQuality "1"]

1. d4 Nf6 2. Nf3 e6 3. c4 d5 4. Nc3 Be7 5. g3 0-0 6. Bg2 b6 7. Ne5 Bb7 8. 0-0 Nbd7 9. Bf4 Rc8 10. Qa4 c5 11. cxd5 exd5 12. Rfd1 cxd4 13. Qxd4 Nc5 14. Nxd5 Nxd5 15. Bxd5 Bxd5 16. Qxd5 Qxd5 17. Rxd5 Bf6 18. Rc1 Rfe8 19. b4 Ne4 20. Rxc8 Rxc8 21. Rd7 g5 22. Ng4 gxf4 23. f3 h5 24. Nh6+ Kh7 25. Nxf7 Rc1+ 26. Kg2 Nc3 27. Kf2 Kg6 28. gxf4 Nd1+ 29. Kg2 Ne3+ 30. Kf2 Nf5 31. e4 Bh4+ 32. Ke2 Ng7 33. f5+ Kf6 34. Nd8 Ke5 35. Rd5+ Kf4 36. Ne6+ Nxe6 37. fxe6 Rc2+ 38. Kd3 Rc8 39. Rd7 Re8 40. Rf7+ Ke5 41. Rf5+ Kxe6 42. Rxh5 Bf6 43. f4 Kf7 44. Ke3 Rd8 45. Rh7+ Bg7 46. Rh5 Rc8 47. Rd5 Rc3+ 48. Kf2 Rc2+ 49. Kf3 Rxa2 50. b5 Ra3+ 51. Kg4 Rb3 52. Rd6 Rb4 53. Rd7+ Kg6 54. Rxa7 Rxe4 55. Rb7 Re6 56. Rc7 Rf6 57. Rd7 Kh7 58. h4 Re6 59. Rc7 Re1 60. Rc6 Rg1+ 61. Kf5 Rf1 62. Rxb6 Rh1 63. Rc6 Rxh4 64. b6 Rh5+ 65. Ke4 Rb5 66. f5 Rb4+ 67. Kd5 Kg8 68. Ke6 Rd4 69. Rd6 Rb4 70. Kd7 Be5 71. Re6 Bf4 72. Kc6 Rc4+ 73. Kb7 Rc5 74. Rc6 Rxf5 75. Kc8 Rf8+ 76. Kb7 Rf7+ 77. Ka6 Kf8 78. b7 Ke8 79. Rc8+ Kd7 80. b8Q Bxb8 81. Rxb8 Rf6+ 82. Rb6 Rxb6+ 83. Kxb6 1/2-1/2

[Event "Titled Tuesday intern op 12th Dec Early"]
[Site "Chess.com INT"]
[Date "2023.12.12"]
[Round "10"]
[White "Espinoza Villanueva, Rodrigo"]
[Black "Iljin, Timofey"]
[Result "0-1"]
[WhiteElo "1899"]
[BlackElo "2285"]
[PlyCount "82"]
[EventDate "2023.12.12"]
[EventType "swiss (blitz)"]
[EventRounds "11"]
[EventCountry "USA"]
[SourceTitle "CB51_2023"]
[SourceDate "2023.12.20"]
[SourceVersion "1"]
[SourceVersionDate "2023.12.20"]
[SourceQuality "1"]

1. Nf3 f5 2. g3 Nf6 3. Bg2 g6 4. 0-0 Bg7 5. c4 0-0 6. b3 d6 7. d4 Qe8 8. Bb2 Nc6 9. d5 Nb8 10. Nc3 a5 11. Nb5 Na6 12. Qc2 Bd7 13. Nbd4 c5 14. dxc6 bxc6 15. Rfd1 e5 16. Nxc6 Bxc6 17. Rxd6 Be4 18. Qc3 Bxf3 19. Bxf3 e4 20. Bg2 Nh5 21. Qc2 Nb4 22. Qc1 Rd8 23. Rxd8 Qxd8 24. Bxg7 Nxg7 25. a3 Nc6 26. c5 Nd4 27. Bf1 Kh8 28. Qc4 f4 29. b4 axb4 30. axb4 fxg3 31. hxg3 Qf6 32. Bg2 Qxf2+ 33. Kh1 Nxe2 34. Rd1 Nxg3+ 35. Kh2 Qf4 36. Kg1 Qe3+ 37. Kh2 Ne2 38. Qxe4 Qh6+ 39. Bh3 Rf2+ 40. Qg2 Rxg2+ 41. Kxg2 Nf4+ 0-1

[Event "Titled Tuesday intern op 14th Nov Early"]
[Site "Chess.com INT"]
[Date "2023.11.14"]
[Round "8"]
[White "Chinguun, Sumiya"]
[Black "Espinoza Villanueva, Rodrigo"]
[Result "1-0"]
[WhiteElo "2319"]
[BlackElo "1893"]
[PlyCount "71"]
[EventDate "2023.11.14"]
[EventType "swiss (blitz)"]
[EventRounds "11"]
[EventCountry "USA"]
[SourceTitle "CB47_2023"]
[SourceDate "2023.11.22"]
[SourceVersion "1"]
[SourceVersionDate "2023.11.22"]
[SourceQuality "1"]

1. e4 c5 2. Nf3 Nc6 3. d4 cxd4 4. Nxd4 Nf6 5. Nc3 e5 6. Ndb5 d6 7. Bg5 a6 8. Na3 b5 9. Nd5 Be7 10. Bxf6 Bxf6 11. c3 Ne7 12. Nxf6+ gxf6 13. g3 Bb7 14. Bg2 f5 15. Qe2 0-0 16. 0-0 fxe4 17. Bxe4 Bxe4 18. Qxe4 f5 19. Qd3 Qc7 20. Rad1 Rad8 21. Nc2 d5 22. Rfe1 e4 23. Qe2 Qe5 24. Nd4 f4 25. Qg4+ Ng6 26. Qe6+ Kg7 27. Qxe5+ Nxe5 28. Ne6+ Kf6 29. Nxf8 Nf3+ 30. Kf1 Nxe1 31. Nxh7+ Kg7 32. Ng5 Kg6 33. Ne6 Rd6 34. Nxf4+ Kf5 35. Kxe1 Ke5 36. Rxd5+ 1-0